000 00583nam a2200193Ia 4500
003 OSt
005 20231103154054.0
008 190216s9999||||xx |||||||||||||| ||und||
020 _a9789382934912
040 _coclc
082 _a305.48697
_bMUH/K
100 _aMuhammed, N P Hafiz
_91922
245 0 _aKeralathile Muslim Sthreekalute Varthamanakalam /
_cN P Hafiz Muhammed
250 _a1st ed.
260 _bOlive Publications,
_c2013.
_aKozhikode:
300 _a154p
650 _xSocial Science
942 _cBK
_2ddc
_h305.48697
_iMUH/K
_k305.48697
_mMUH/K
999 _c22910
_d22910